000 00515nam a2200157Ia 4500
008 140609s9999 xx 000 0 und d
020 _a9781609182120
050 _aHM 1033
_b.So6423 2011
245 _aSocial psychology and evaluation /
_cedited by Melvin M. Mark, Stewart I. Donaldson, Bernadette Campbell
260 _aNew York :
_bGuilford Press,
_cc2011.
300 _a420 p. ;
_c23 cm.
500 _aIncludes bibliographical references and index.
521 _aPSYCH
942 _kFOR
_cBK
999 _c117954
_d117954